<?xml version="1.0" encoding="UTF-8"?><?xml-stylesheet type="text/xsl" href="static/style.xsl"?><OAI-PMH xmlns="http://www.openarchives.org/OAI/2.0/" xmlns:xsi="http://www.w3.org/2001/XMLSchema-instance" xsi:schemaLocation="http://www.openarchives.org/OAI/2.0/ http://www.openarchives.org/OAI/2.0/OAI-PMH.xsd"><responseDate>2026-04-17T14:25:05Z</responseDate><request verb="GetRecord" identifier="oai:www.recercat.cat:2072/476046" metadataPrefix="marc">https://recercat.cat/oai/request</request><GetRecord><record><header><identifier>oai:recercat.cat:2072/476046</identifier><datestamp>2024-11-04T08:02:23Z</datestamp><setSpec>com_2072_98</setSpec><setSpec>col_2072_378192</setSpec></header><metadata><record xmlns="http://www.loc.gov/MARC21/slim" xmlns:dcterms="http://purl.org/dc/terms/" xmlns:xsi="http://www.w3.org/2001/XMLSchema-instance" xmlns:doc="http://www.lyncode.com/xoai" xsi:schemaLocation="http://www.loc.gov/MARC21/slim http://www.loc.gov/standards/marcxml/schema/MARC21slim.xsd">
   <leader>00925njm 22002777a 4500</leader>
   <datafield ind2=" " ind1=" " tag="042">
      <subfield code="a">dc</subfield>
   </datafield>
   <datafield ind2=" " ind1=" " tag="720">
      <subfield code="a">Cegarra, Blanca</subfield>
      <subfield code="e">author</subfield>
   </datafield>
   <datafield ind2=" " ind1=" " tag="720">
      <subfield code="a">Cattaneo, Gabriele</subfield>
      <subfield code="e">author</subfield>
   </datafield>
   <datafield ind2=" " ind1=" " tag="720">
      <subfield code="a">Ribes, Alina</subfield>
      <subfield code="e">author</subfield>
   </datafield>
   <datafield ind2=" " ind1=" " tag="720">
      <subfield code="a">Solana-Sánchez, Javier</subfield>
      <subfield code="e">author</subfield>
   </datafield>
   <datafield ind2=" " ind1=" " tag="720">
      <subfield code="a">Saurí, Joan</subfield>
      <subfield code="e">author</subfield>
   </datafield>
   <datafield ind2=" " ind1=" " tag="260">
      <subfield code="c">2023</subfield>
   </datafield>
   <datafield ind2=" " ind1=" " tag="520">
      <subfield code="a">In the field of disability and rehabilitation, participation in society has become an important therapeutic objective due to its potential impact on rehabilitation, prognosis, and patient's mid and long-term well-being. However, only a few studies have explored this issue in relation with the subjective perspective of individuals with disabilities about their decision-making capacity and satisfaction with the activities in which they participate. Our aim is to analyze the relationship between participation in society of people with disabilities and both emotional well-being and quality of life, including variables about subjective perspective of participation (satisfaction) and the ability to decide and pursue their own preferences. The cross-sectional study presented here includes 424 participants with disabilities over 18-years-old from Spain. This research is part of a larger ongoing longitudinal cohort study called Participa (). Participants were asked to complete several on-line surveys to explore quality of life, emotional well-being, participation in society, self-determination, and independent living. The results revealed an association between the dimensions of participation satisfaction, self-determination, and levels of independent living with both quality of life and emotional well-being. Mediation models indicated that satisfaction and self-determination partially mediated the relationship between independent living and both quality of life and emotional well-being. The level of independent living, self-determination, and satisfaction with participation are fundamental aspects for promoting a high quality of life and emotional well-being in people with disabilities. These findings carry significant implications for health and social services, as well as policies guidelines, highlighting the need to prioritize empowerment and self-determination in all interventions designed for people with disabilities.</subfield>
   </datafield>
   <datafield ind1="8" ind2=" " tag="024">
      <subfield code="a">http://hdl.handle.net/2072/476046</subfield>
   </datafield>
   <datafield tag="653" ind2=" " ind1=" ">
      <subfield code="a">Participation</subfield>
   </datafield>
   <datafield tag="653" ind2=" " ind1=" ">
      <subfield code="a">Independent living</subfield>
   </datafield>
   <datafield tag="653" ind2=" " ind1=" ">
      <subfield code="a">Emotional well-being</subfield>
   </datafield>
   <datafield tag="653" ind2=" " ind1=" ">
      <subfield code="a">Quality of life</subfield>
   </datafield>
   <datafield tag="653" ind2=" " ind1=" ">
      <subfield code="a">Disability</subfield>
   </datafield>
   <datafield tag="653" ind2=" " ind1=" ">
      <subfield code="a">Self-determination</subfield>
   </datafield>
   <datafield ind2="0" ind1="0" tag="245">
      <subfield code="a">Independent living, emotional well-being, and quality of life in people with disabilities : the mediator role of self-determination and satisfaction with participation</subfield>
   </datafield>
</record></metadata></record></GetRecord></OAI-PMH>